[Event "Jastrzebie Zdroj op"]
[Site "Jastrzebie Zdroj"]
[Date "2018.08.19"]
[Round "3"]
[White "Poley, Vladimir"]
[Black "Cudnik, Andrzej"]
[Result "1-0"]
[WhiteElo "2257"]
[BlackElo "2013"]
[PlyCount "71"]
[EventDate "2018.08.18"]
[EventType "swiss"]
[EventRounds "9"]
[EventCountry "POL"]
[SourceTitle "CBM 186 Extra"]
[Source "ChessBase"]
[SourceDate "2018.08.24"]
[SourceVersion "1"]
[SourceVersionDate "2018.08.24"]
[SourceQuality "1"]

1. Nf3 c5 2. b3 d6 3. Bb2 Nf6 4. e3 a6 5. c4 g6 6. Be2 Bg7 7. 0-0 0-0 8. Nc3 Nbd7 9. Qc2 b6 10. Rad1 Bb7 11. d4 cxd4 12. exd4 d5 13. Rfe1 e6 14. c5 Rc8 15. b4 Ne4 16. Nxe4 dxe4 17. Nd2 f5 18. Nc4 Qe7 19. Qd2 Bd5 20. Ne3 b5 21. a4 Rb8 22. axb5 axb5 23. Nxd5 exd5 24. Ra1 f4 25. Ra5 Qh4 26. Rxb5 Bh6 27. Rxb8 Rxb8 28. Qc3 f3 29. Bxf3 exf3 30. Qxf3 Rf8 31. Qxd5+ Rf7 32. g3 Qf6 33. Re2 Be3 34. Kg2 Bxf2 35. Re6 Qg7 36. Re7 1-0

[Event "Sudety op 5th"]
[Site "Szklarska Poreba"]
[Date "2012.06.09"]
[Round "8"]
[White "Polok, Kacper"]
[Black "Cudnik, Andrzej"]
[Result "1-0"]
[WhiteElo "2170"]
[BlackElo "2078"]
[PlyCount "83"]
[EventDate "2012.06.04"]
[EventType "swiss"]
[EventRounds "9"]
[EventCountry "POL"]
[SourceTitle "CBM 148 Extra"]
[Source "ChessBase"]
[SourceDate "2012.06.22"]
[SourceVersion "1"]
[SourceVersionDate "2012.06.22"]
[SourceQuality "1"]

1. e4 c5 2. Ne2 d6 3. g3 Nc6 4. Bg2 g6 5. c3 Bg7 6. 0-0 Nh6 7. d4 cxd4 8. cxd4 0-0 9. Nbc3 f5 10. Be3 Kh8 11. d5 Ne5 12. f4 Neg4 13. Bd4 fxe4 14. h3 Nf6 15. g4 Nf7 16. Ng3 Bd7 17. g5 Ne8 18. Bxe4 Bxd4+ 19. Qxd4+ Ng7 20. Rf2 Kg8 21. Qd3 Qb6 22. Kg2 Nxg5 23. Nce2 Bxh3+ 24. Kg1 Bd7 25. Bg2 Nh3+ 26. Bxh3 Bxh3 27. Nd4 Rac8 28. Re1 Rc7 29. Kh2 Bf5 30. Qe3 Bc8 31. f5 gxf5 32. Qf4 Rf6 33. Rg1 Kh8 34. Rfg2 Rc4 35. Nge2 Rf7 36. b3 Rc7 37. Ne6 Bxe6 38. dxe6 Rf6 39. Rxg7 Rc8 40. Qh4 h6 41. Rxe7 Rcf8 42. Rg8+ 1-0

[Event "Sudety op 5th"]
[Site "Szklarska Poreba"]
[Date "2012.06.07"]
[Round "6"]
[White "Betkowski, Andrzej"]
[Black "Cudnik, Andrzej"]
[Result "1/2-1/2"]
[WhiteElo "2186"]
[BlackElo "2078"]
[PlyCount "71"]
[EventDate "2012.06.04"]
[EventType "swiss"]
[EventRounds "9"]
[EventCountry "POL"]
[SourceTitle "CBM 148 Extra"]
[Source "ChessBase"]
[SourceDate "2012.06.22"]
[SourceVersion "1"]
[SourceVersionDate "2012.06.22"]
[SourceQuality "1"]

1. d4 Nf6 2. Bg5 c5 3. d5 b5 4. Bxf6 gxf6 5. e4 a6 6. a4 b4 7. Nd2 d6 8. Qh5 Bg7 9. Ngf3 Nd7 10. Nc4 Ne5 11. Nfxe5 fxe5 12. Be2 Bf6 13. Bg4 Bxg4 14. Qxg4 h5 15. Qf3 Ra7 16. h4 a5 17. b3 Qd7 18. 0-0-0 Kd8 19. Rdg1 Kc7 20. Qe2 Raa8 21. g4 hxg4 22. Rxg4 Kb7 23. h5 Qc7 24. Rg3 Rh7 25. Rhg1 Rah8 26. Rh3 Ka7 27. Kb2 Qd8 28. Ne3 Qb6 29. Nf5 Kb7 30. h6 Ka7 31. Qd3 Qb8 32. Rhg3 Rc8 33. Qc4 Rch8 34. Rh3 Re8 35. Qd3 Rc8 36. Ne3 1/2-1/2

[Event "Rail 4 countries 21st"]
[Site "Litice"]
[Date "2005.06.18"]
[Round "3.3"]
[White "Cudnik, Andrzej"]
[Black "Zurbuchen, Daniel"]
[Result "1-0"]
[WhiteElo "2115"]
[BlackElo "1612"]
[PlyCount "31"]
[EventDate "2005.06.17"]
[EventType "team-tourn"]
[EventRounds "3"]
[EventCountry "CZE"]
[SourceTitle "EXT 2007"]
[Source "ChessBase"]
[SourceDate "2006.11.23"]
[SourceVersion "1"]
[SourceVersionDate "2006.11.23"]
[SourceQuality "1"]

1. e4 c5 2. Nf3 e6 3. c4 Nc6 4. Nc3 d6 5. d4 cxd4 6. Nxd4 Be7 7. Nxc6 bxc6 8. Bd3 Nf6 9. 0-0 0-0 10. f4 d5 11. e5 Qc7 12. exf6 Bxf6 13. cxd5 cxd5 14. Qc2 g6 15. Nxd5 Qxc2 16. Nxf6+ 1-0

[Event "POL-chT3"]
[Site "Poland"]
[Date "2002.??.??"]
[Round "?"]
[White "Maciol, Ryszard"]
[Black "Cudnik, Andrzej"]
[Result "1-0"]
[WhiteElo "2206"]
[BlackElo "2127"]
[PlyCount "94"]
[EventDate "2002.??.??"]
[EventType "team-tourn"]
[EventRounds "9"]
[EventCountry "POL"]
[SourceTitle "EXT 2006"]
[Source "ChessBase"]
[SourceDate "2005.11.24"]
[SourceVersion "1"]
[SourceVersionDate "2005.11.24"]
[SourceQuality "1"]

1. d4 Nf6 2. c4 c5 3. d5 b5 4. cxb5 a6 5. e3 axb5 6. Bxb5 Qa5+ 7. Nc3 Bb7 8. Bd2 Qb6 9. Qb3 e6 10. e4 Nxe4 11. Nxe4 Bxd5 12. Qd3 Qb7 13. f3 c4 14. Bxc4 Bxc4 15. Qxc4 d5 16. Qc2 dxe4 17. fxe4 Nd7 18. Ne2 Nc5 19. 0-0 Nxe4 20. Be3 Be7 21. Nc3 Nxc3 22. Qxc3 0-0 23. Bd4 Rfc8 24. Qf3 Qxf3 25. Rxf3 Rd8 26. Bc3 Bc5+ 27. Kf1 Ra4 28. b3 Re4 29. Re1 Rh4 30. h3 Ba3 31. Re5 Ra8 32. Rg5 g6 33. Rb5 Re4 34. Rb7 Rf8 35. Bd2 f5 36. Bh6 Rd8 37. Rg7+ Kh8 38. Rc7 Bb2 39. Re3 Rxe3 40. Bxe3 e5 41. a4 e4 42. Bb6 f4 43. Rxh7+ Kxh7 44. Bxd8 Bd4 45. b4 Kg7 46. b5 Kf7 47. b6 Ke8 1-0

[Event "EU-chT Railways USIC"]
[Site "Dresden"]
[Date "2000.06.21"]
[Round "2.1"]
[White "Kallai, Gabor"]
[Black "Cudnik, Andrzej"]
[Result "1-0"]
[WhiteElo "2489"]
[BlackElo "2120"]
[PlyCount "51"]
[EventDate "2000.06.19"]
[EventType "team-swiss"]
[EventRounds "7"]
[EventCountry "GER"]
[SourceTitle "EXT 2002"]
[Source "ChessBase"]
[SourceDate "2001.11.25"]
[SourceVersion "1"]
[SourceVersionDate "2001.11.25"]
[SourceQuality "1"]
[WhiteTeam "Hungary (USIC)"]
[BlackTeam "Poland (USIC)"]
[WhiteTeamCountry "HUN"]
[BlackTeamCountry "POL"]

1. d4 Nf6 2. c4 c5 3. d5 b5 4. Nf3 Bb7 5. a4 b4 6. Nbd2 d6 7. g3 g6 8. b3 Bg7 9. Bb2 a5 10. Bg2 Nbd7 11. 0-0 Nf8 12. Ne1 h5 13. e4 h4 14. Nd3 e5 15. dxe6 Nxe6 16. e5 Bxg2 17. exf6 Bh6 18. Kxg2 Bxd2 19. Qxd2 Qd7 20. Nf4 0-0-0 21. Nxe6 fxe6 22. g4 h3+ 23. Kg3 e5 24. Qd5 Kc7 25. f4 e4 26. Rae1 1-0

[Event "POL-chT 53rd"]
[Site "Krynica"]
[Date "1997.10.05"]
[Round "11"]
[White "Oliwa, Patryk"]
[Black "Cudnik, Andrzej"]
[Result "1-0"]
[WhiteElo "2130"]
[BlackElo "2165"]
[PlyCount "127"]
[EventDate "1997.09.25"]
[EventType "team-tourn"]
[EventRounds "11"]
[EventCountry "POL"]
[SourceTitle "EXT 2019"]
[Source "ChessBase"]
[SourceDate "2018.10.10"]
[SourceVersion "1"]
[SourceVersionDate "2018.10.10"]
[SourceQuality "1"]
[WhiteTeam "Jasien LKS ZPD"]
[BlackTeam "Niedobczyce Rymer"]
[WhiteTeamCountry "POL"]
[BlackTeamCountry "POL"]

1. d4 Nf6 2. Nf3 c5 3. d5 b5 4. a4 b4 5. c4 d6 6. Nbd2 g6 7. e4 Bg7 8. Be2 0-0 9. 0-0 a5 10. Ne1 e6 11. Rb1 exd5 12. cxd5 Ra7 13. f3 Re7 14. Nc4 Ba6 15. Bg5 h6 16. Bh4 Bxc4 17. Bxc4 Nbd7 18. Nd3 Ne5 19. Nxe5 Rxe5 20. Qd3 Qb6 21. f4 Ree8 22. Rbe1 Nh7 23. b3 Kh8 24. Kh1 Bf6 25. Bg3 Bc3 26. Re2 Bf6 27. Rfe1 Bc3 28. Rf1 Bf6 29. Qf3 Bd4 30. Rd1 Kg7 31. Rde1 f6 32. Qd3 Bc3 33. Rc1 Bd4 34. Qf3 Qd8 35. Bd3 Re7 36. Ree1 Ree8 37. Bb1 Rf7 38. Qd3 Qb6 39. e5 f5 40. e6 Rff8 41. Qf3 Nf6 42. Bd3 Qb7 43. Bc4 Bb2 44. Rb1 Bd4 45. h3 Ne4 46. Rxe4 fxe4 47. Qxe4 Rf5 48. Bh2 h5 49. g4 hxg4 50. hxg4 Rf6 51. Re1 Bc3 52. Re2 Re7 53. Bg3 Qb8 54. Bh4 Qh8 55. Rh2 Qf8 56. Bg5 Kg8 57. Bd3 Qe8 58. Bxf6 Bxf6 59. g5 Bc3 60. Rh6 Rg7 61. Rxg6 Rxg6 62. Qxg6+ Qxg6 63. Bxg6 Kf8 64. f5 1-0

[Event "POL-chT2"]
[Site "Augustow"]
[Date "1997.??.??"]
[Round "?"]
[White "Ciolek, Marcin"]
[Black "Cudnik, Andrzej"]
[Result "0-1"]
[WhiteElo "1800"]
[BlackElo "2165"]
[PlyCount "72"]
[EventDate "1997.??.??"]
[EventType "team-tourn"]
[EventRounds "9"]
[EventCountry "POL"]
[SourceTitle "EXT 2003"]
[Source "ChessBase"]
[SourceDate "2002.11.25"]
[SourceVersion "1"]
[SourceVersionDate "2002.11.25"]
[SourceQuality "1"]

1. b3 e5 2. Bb2 d6 3. c4 Nd7 4. d4 Ngf6 5. Nf3 exd4 6. Nxd4 g6 7. e3 Bg7 8. Be2 a6 9. Nd2 0-0 10. h4 h5 11. Qc2 Re8 12. 0-0-0 Nc5 13. Rdg1 Bd7 14. Nf1 Nce4 15. Bf3 c5 16. Bxe4 Nxe4 17. Nf3 Bxb2+ 18. Qxb2 Qf6 19. Qxf6 Nxf6 20. Ng3 Ng4 21. Rf1 Bc6 22. Kd2 b5 23. Ke2 bxc4 24. bxc4 d5 25. cxd5 Bb5+ 26. Kd2 Rad8 27. e4 f5 28. Re1 f4 29. Ne2 Nxf2 30. Rhg1 Nxe4+ 31. Kc2 Rf8 32. Ne5 Rxd5 33. Nf3 Bd3+ 34. Kb2 Rb8+ 35. Ka3 c4 36. Nxf4 Ra5# 0-1

[Event "POL-chT2"]
[Site "Augustow"]
[Date "1997.??.??"]
[Round "?"]
[White "Kozerski, Zbigniew"]
[Black "Cudnik, Andrzej"]
[Result "0-1"]
[WhiteElo "1955"]
[BlackElo "2165"]
[PlyCount "86"]
[EventDate "1997.??.??"]
[EventType "team-tourn"]
[EventRounds "9"]
[EventCountry "POL"]
[SourceTitle "EXT 2003"]
[Source "ChessBase"]
[SourceDate "2002.11.25"]
[SourceVersion "1"]
[SourceVersionDate "2002.11.25"]
[SourceQuality "1"]

1. e4 c5 2. Nf3 d6 3. d4 Nf6 4. Nc3 cxd4 5. Nxd4 Nc6 6. Bc4 Bd7 7. 0-0 g6 8. h3 Nxd4 9. Qxd4 Bg7 10. Qd1 0-0 11. Be3 Bc6 12. Bd3 h6 13. f4 Qb8 14. Qe1 b5 15. Bd2 a5 16. Nd1 Qb7 17. e5 dxe5 18. fxe5 Ne4 19. Be3 Ng5 20. Qg3 Qc7 21. Bxg5 hxg5 22. Qxg5 Qxe5 23. Qxe5 Bxe5 24. Rb1 b4 25. b3 Kg7 26. Nf2 Bd4 27. Rbd1 e5 28. Kh2 f5 29. g4 Be3 30. gxf5 Bf4+ 31. Kg1 gxf5 32. Bc4 Rf6 33. Nd3 Rg6+ 34. Kf2 Rg2+ 35. Ke1 Bg3+ 36. Nf2 e4 37. Bd5 Rc8 38. Be6 Rc7 39. Bxf5 e3 40. Rd4 Bxf2+ 41. Ke2 Bb5+ 42. Bd3 Rxc2+ 43. Kf3 Rg3+ 0-1

[Event "EU-chT Railways USIC 14th "]
[Site "Balatonboglar"]
[Date "1996.05.23"]
[Round "4.4"]
[White "Cudnik, Andrzej"]
[Black "Kiss, Attila"]
[Result "0-1"]
[WhiteElo "2000"]
[BlackElo "2390"]
[PlyCount "60"]
[EventDate "1996.05.19"]
[EventType "team-tourn"]
[EventRounds "7"]
[EventCountry "HUN"]
[SourceTitle "EXT 2004"]
[Source "ChessBase"]
[SourceDate "2003.11.25"]
[SourceVersion "1"]
[SourceVersionDate "2003.11.25"]
[SourceQuality "1"]

1. e4 d5 2. exd5 Nf6 3. d4 Nxd5 4. c4 Nb6 5. Nc3 e5 6. Be3 exd4 7. Bxd4 Nc6 8. Be3 Be6 9. Bxb6 axb6 10. Nf3 Qxd1+ 11. Nxd1 Bb4+ 12. Nc3 0-0 13. Bd3 Bxc3+ 14. bxc3 Ra3 15. Kd2 Rfa8 16. Rhb1 Na5 17. Nd4 Nxc4+ 18. Ke1 Rxc3 19. Nxe6 Re8 20. Rb3 Rxe6+ 21. Kd1 Rxd3+ 22. Rxd3 Nb2+ 23. Kd2 Nxd3 24. Kxd3 Kf8 25. a4 Ke7 26. Rc1 Kd7 27. f4 f5 28. Rc4 c5 29. h3 Rg6 30. g4 fxg4 0-1

[Event "Augustow op-A"]
[Site "Augustow"]
[Date "1996.??.??"]
[Round "?"]
[White "Czajka, Zbigniew"]
[Black "Cudnik, Andrzej"]
[Result "1-0"]
[WhiteElo "2195"]
[BlackElo "2180"]
[PlyCount "85"]
[EventDate "1996.??.??"]
[EventType "swiss"]
[EventRounds "9"]
[EventCountry "POL"]
[SourceTitle "EXT 2003"]
[Source "ChessBase"]
[SourceDate "2002.11.25"]
[SourceVersion "1"]
[SourceVersionDate "2002.11.25"]
[SourceQuality "1"]

1. d4 Nf6 2. Nf3 c5 3. c3 Qb6 4. e3 d5 5. Nbd2 cxd4 6. exd4 g6 7. a4 Bg7 8. Bd3 0-0 9. 0-0 Nc6 10. Re1 Re8 11. h3 Qc7 12. Nb3 Nh5 13. a5 a6 14. Bd2 Nf4 15. Bxf4 Qxf4 16. Qd2 Qxd2 17. Nbxd2 Kf8 18. Ne5 f6 19. Nxc6 bxc6 20. b4 e5 21. Nb3 Ra7 22. Rad1 Bf5 23. Bxf5 gxf5 24. Kf1 f4 25. f3 Kf7 26. Nc5 Bf8 27. Nd3 Bd6 28. dxe5 fxe5 29. Rb1 Ree7 30. Nc5 Kf6 31. Red1 Bc7 32. c4 d4 33. Rdc1 Ra8 34. Rc2 Rg7 35. b5 cxb5 36. cxb5 axb5 37. Ne4+ Ke6 38. a6 d3 39. Rc6+ Kd7 40. Rbc1 Ra7 41. Nf6+ Kd8 42. Rd1 Rg6 43. Rxd3+ 1-0